| 000 | 00928nam a22002897a 4500 | ||
|---|---|---|---|
| 003 | CHAP | ||
| 005 | 20220329133802.0 | ||
| 008 | 971013s1977 r 00010 d | ||
| 010 | _a10875 | ||
| 011 | _a11847 | ||
| 035 | _a11322 | ||
| 040 | _cCHAP | ||
| 082 |
_a338.1809723 _bS54 |
||
| 110 |
_aSinaloa. Secretaría de Desarrollo Económico _9106543 |
||
| 245 | _aPrograma de desarrollo agrícola para el estado de Sinaloa, 1977-1982 | ||
| 260 |
_a(s.l.) : _bLa Secretaría, _c1977 |
||
| 300 | _a123 h. | ||
| 590 |
_aBATCH-UPD _b10 _c20130110 _lUCH01 _h1142 |
||
| 590 |
_aBATCH-UPD _b10 _c20130410 _lUCH01 _h0728 |
||
| 590 |
_aBATCH-UPD _b10 _c20130914 _lUCH01 _h0029 |
||
| 590 |
_aCONVERSION _b10 _c20130109 _lUCH01 _h1307 |
||
| 650 | 1 | 4 |
_aAgricultura _xSinaloa. _91794 |
| 650 | 1 | 4 |
_aPolítica agrícola _xSinaloa. _990361 |
| 901 | _aBK | ||
| 942 | _cLIBRO | ||
| 949 |
_a338.1809723 S54 _bBC _cLIBRO _d-139855 _eLIBRO _h50443 _i11322 _si |
||
| 999 |
_c10875 _d10875 |
||